000 00785nam a2200229Ia 4500
003 OSt
005 20220923221002.0
006 a|||||r|||| 00| 0
007 ta
008 220922b |||||||| |||| 00| 0 hin d
024 _a193,344
037 _cTextual
040 _aARTS
_cARTS
_bhin
041 _2hin
_ahin
082 _aV2:25wM95, 152K3
100 _aभट्ट, श्रीकृष्णदत्त
245 0 _aबाबा विनोबा जब छोटे थे
246 _aBābā vinobā jab chhoṭe the
260 _aवाराणसी
_b सर्व सेवा संघ प्रकाशन
_c1963
942 _hV2:25wM95, 152K3
_cTEXL
_2CC
999 _c345812
_d345812